000 01356nam a22001577a 4500
041 _aukr
080 _a09
090 _bСЛИ
100 _aСлисюк О. Я.
245 _aЛексика моди на матеріалі публіцистичних текстів
260 _aОстрог
_bКАФ
_c2004
300 _a47
520 _aРозділ 1. Основні теоретичні поняття лексико-семантичного поля. 1.1. Суть поняття "лексико-семантичне поле". 1.2. Семантичне групування лексики та будова семантичного поля. 1.3. Таксономічна структура лексико-семантичного поля. 1.4. Тематичні групи. Розділ 2. Лексико-семантичне поле моди. 2.1. Структура лексико-семантичного поля моди. 2.2. Лексико-семантична група "одяг". 2.3. Особливості вживання лексики моди у публіцистичній літературі. 2.4. Структурне групування лексико-семантичного поля моди.
_0лексикологія, лексико-семантичне поле
650 _aResearch Papers
999 _c282609
_d282609
942 _cBK